|
|
|
|
| LEADER |
00750cam a2200217 7i4500 |
| 001 |
0000006621 |
| 005 |
20170218090000.0 |
| 020 |
|
|
|a 1861526059 (pbk.)
|
| 020 |
|
|
|a 9781861526052
|
| 090 |
0 |
0 |
|a HF5549
|b .H38 2001
|
| 245 |
0 |
0 |
|a Human resource management :
|b a critical text
|c edited by John Storey.
|
| 250 |
|
|
|a 2nd ed.
|
| 260 |
|
|
|a London:
|b Thomson Learning,
|c 2001.
|
| 300 |
|
|
|a viii, 373 p.:
|b ill.;
|c 24 cm.
|
| 504 |
|
|
|a Includes bibliographical references and index
|
| 650 |
0 |
0 |
|a Personnel management
|
| 700 |
1 |
|
|a Storey, John
|
| 997 |
|
|
|a Business & Accountancy, Faculty
|
| 998 |
|
|
|a Human Resource Management, Degree
|
| 999 |
|
|
|a 0000002923
|b BOK
|c OPEN SHELF
|e 1st Floor, Shah Alam
|
| 999 |
|
|
|a 0000007532
|b BOK
|c OPEN SHELF
|e 1st Floor, Shah Alam
|